000 00645nam a2200229Ia 4500
005 20260320201848.0
008 008 262003s9999 xx 000 0 eng d
037 _aEBOOK
040 _aCRL
040 _beng
040 _cCRL
041 _2eng
041 _aeng
084 _qCRL
100 _aIpsale
_91136145
245 0 _aGoogle Cloud Certified Professional Cloud Network Engineer Guide: Design, implement, manage, and secure a network architecture in Google Cloud
260 _bIEEE
856 _uhttps://ieeexplore.ieee.org/servlet/opac?bknumber=10163095
942 _cEBOOK
999 _c1723957
_d1723957